000 02163nam a22002297a 4500
005 20220120160023.0
008 220120b ||||| |||| 00| 0 eng d
040 _cAL
041 _aeng
082 _223
_a294.5
_bHART
100 _aHaresh
_914074
245 _aThoughts From the Cosmic Field in the Life of a Latter Day Saint
260 _aVadodhara
_bHaresh
_c2005
300 _a202 p.
_bHB
_c22x14 cm.
520 _aHaresh loves his mother Pushpa intensely. As a seven year old girl, she garlanded Gandhi at Bhadran, while he was on his famous Dandi March in 1930. Haresh was born in Bhadran in l943, prior to India's Partition. As his Hindu grandfather was a hypocrite, belonging to a Demonic Cult, Haresh started his spiritual journey at 12, after having read Gandhi's autobiography, "My Experiments with Truth." It ignited his consciousness and led him to be a jurist. He studied most of the scriptures of people and philosophy. But, being truthful, he could not succeed in a corrupt society. During the emergency days of 1975, Haresh actively participated with George Fernandese in the underground activities of the 'Baroda Dynamite Conspiracy.' In 1980, Sri Aurobindo's invisible presence initiated Haresh in the occult world of 'Savitri.' In 1982, Sri Shankar Giri, his Spiritual Master, initiated him into the mysterious occult science of Atharvana. Haresh was led to an LDS Church in Chicago, wherein he was baptized and ordained into Aaronic Priesthood. He was also gifted with the 'Holy Ghost'. On October, 22, 1994 of the same year he was mysteriously transformed into Christ Consciousness. At the insistence of Elder James Maddux, he has recorded his Epistolary Autobiography from 1994 up to 2008. Gandhi experimented with Truth all his life. He never experienced it. Unlike Gandhi, Haresh has not only experienced Truth, he lives it from moment to moment, in accordance with inner promptings from 'Holy Ghost.' This book is a story of Haresh, who is He Himself.
650 _aCosmic Field
_914075
650 _aThoughts
_914076
650 _aHuman Kind
_914077
650 _aHinduism
_914078
700 _aHARESH
_914079
942 _2ddc
_cGF
999 _c221276
_d221276